00198nam a2200097Ia 4500008004100000100001200041245001400053260000900067942000700076999001700083190216s9999||||xx |||||||||||||| ||und|| aValsala 0aThakarcha bNull cBK c24682d24682